000 00489nam a2200193Ia 4500
003 GCL
008 140319s9999 xx 000 0 eng d
040 _aGCL /
_cGCL
082 0 4 _a823
_bC A
100 1 _aCRAWFORD, CATHERINE J.
245 1 0 _aANOTHER GLANCE /
_cCRAWFORD, CATHERINE J.
260 _a[S.N] :
_bGROUP 4 PRINTING ،
_c1992
300 _a200
650 0 4 _aENGLISH LITERATURE
650 0 4 _aLITERATURE
650 0 4 _aENGLISH FICTION
650 0 4 _aFICTION
942 _2ddc
_cBK
999 _c12742
_d12742